BUBT Library Online Catalog

An analytic approach to marketing decisions / (Record no. 6190)

000 -LEADER
fixed length control field 01093cam a2200289 a 4500
001 - CONTROL NUMBER
control field 2453640
003 - CONTROL NUMBER IDENTIFIER
control field OSt
005 - DATE AND TIME OF LATEST TRANSACTION
control field 20191217141512.0
008 - FIXED-LENGTH DATA ELEMENTS--GENERAL INFORMATION
fixed length control field 890908s1991 njua b 001 0 eng
010 ## - LIBRARY OF CONGRESS CONTROL NUMBER
LC control number 89027451
020 ## - INTERNATIONAL STANDARD BOOK NUMBER
International Standard Book Number 013558826X
040 ## - CATALOGING SOURCE
Original cataloging agency DLC
Transcribing agency DLC
Modifying agency DLC
050 00 - LIBRARY OF CONGRESS CALL NUMBER
Classification number HF5415.135
Item number .D93 1990
082 00 - DEWEY DECIMAL CLASSIFICATION NUMBER
Classification number 658.802 / D996a
Edition number 20
100 1# - MAIN ENTRY--PERSONAL NAME
Personal name Dyer, Robert F.
9 (RLIN) 2635
245 13 - TITLE STATEMENT
Title An analytic approach to marketing decisions /
Statement of responsibility, etc. Robert F. Dyer, Ernest H. Forman.
250 ## - EDITION STATEMENT
Edition statement 1st Edn.
260 ## - PUBLICATION, DISTRIBUTION, ETC. (IMPRINT)
Place of publication, distribution, etc. Englewood Cliffs, N.J. :
Name of publisher, distributor, etc. Prentice Hall,
Date of publication, distribution, etc. c1991.
300 ## - PHYSICAL DESCRIPTION
Extent xiii, 368 p. :
Other physical details ill. ;
Dimensions 25 cm. +
Accompanying material 1 computer disk (5 1/4 in.)
500 ## - GENERAL NOTE
General note Includes Index
504 ## - BIBLIOGRAPHY, ETC. NOTE
Bibliography, etc Includes bibliographical references and index.
650 #0 - SUBJECT ADDED ENTRY--TOPICAL TERM
Topical term or geographic name as entry element Marketing, Decisions, Decision Making
General subdivision Decision making.
9 (RLIN) 2636
700 1# - ADDED ENTRY--PERSONAL NAME
Personal name Forman, Ernest H.
9 (RLIN) 2637
906 ## - LOCAL DATA ELEMENT F, LDF (RLIN)
a 7
b cbc
c orignew
d 1
e ocip
f 19
g y-gencatlg
942 ## - ADDED ENTRY ELEMENTS (KOHA)
Source of classification or shelving scheme
Koha item type Books

No items available.

More Information About Library

Library Hours

  • Open: 9.00 am. to 9.00 pm.
  • Only Sunday: 9.00 am. to 6.00 pm.
  • Closed: Holiday

Contact to the University

Bangladesh University of Business and Technology Library

  • Mirpurl-2, 1216.
  • Phone:
  • Fax:
  • E-Mail: admin.library@bubt.edu.bd

Contact to the Library

Contact Person:

Md. Abdul Hakim Shah
Joint Librarian
PABX No:  113
Cell No: 01816332931
E-mail: official: admin.library@bubt.edu.bd
Personal: hakim.shah@bubt.edu.bd


BUBT Library

Copyright © 2021